Skyrim Daedra quiz - Statistics

General Stats
  • This quiz has been taken 237 times
  • The average score is 12 of 17
Answer Stats
Hint Answer % Correct
Prince of domination and spiritual enslavement Molag Bal
89%
The Prince of the Hunt, sport, the Great Game and the Chase Hircine
88%
Female deity of light and dark, night and day Azura
86%
Prince of madness Sheogorath
82%
Female deity of energies of all living things Meridia
78%
Female deity of the night and darkness, patron of all things secretive Nocturnal
78%
Deity of deceit, secrecy, conspiracy, treason, and unlawful overthrow of authority Boethia
75%
Prince of destruction, violent upheaval, energy and mortal ambition Mehrunes Dagon
74%
Prince of hedonism, debauchery and indulgences Sanguine
71%
Formless Daedra of knowledge and memory Hermaeus Mora
69%
Shape-shifter who grants power and wishes through rituals and pacts Clavicus Vile
67%
Female deity of the ancient darkness, patron of all things repulsive Namira
67%
Prince of pestilence Peryite
59%
Female deity of dreams and nightmares Vaermina
57%
Prince of unknown plots, a sewer of discord Mephala
55%
Prince of the spurned and ostracized Malacath
52%
Prince of logical order and deduction Jyggalag
34%
No matching quizzes found
Score Distribution
Percent of People with Each Score
Percentile by Number Answered
Your Score History
You have not taken this quiz